जनमाध्यम सैद्धांतिकी / (Record no. 1014950)

MARC details
000 -LEADER
fixed length control field 01236nam a2200289Ia 4500
003 - CONTROL NUMBER IDENTIFIER
control field OSt
005 - DATE AND TIME OF LATEST TRANSACTION
control field 20251015111047.0
008 - FIXED-LENGTH DATA ELEMENTS--GENERAL INFORMATION
fixed length control field 221004b |||||||| |||| 00| 0 hin d
020 ## - INTERNATIONAL STANDARD BOOK NUMBER
International Standard Book Number 8186565744 (hbk)
037 ## - SOURCE OF ACQUISITION
Terms of availability Textual
040 ## - CATALOGING SOURCE
Original cataloging agency CRL
Transcribing agency CRL
Language of cataloging hin
041 ## - LANGUAGE CODE
Source of code hin
Language code of text/sound track or separate title hin
084 ## - COLON CLASSIFICATION NUMBER
Classification number 40aY, 152P2
100 ## - MAIN ENTRY--PERSONAL NAME
Personal name चतुर्वेदी, जगदीश्वर
9 (RLIN) 848345
245 #0 - TITLE STATEMENT
Title जनमाध्यम सैद्धांतिकी /
246 ## - VARYING FORM OF TITLE
Title proper/short title Janamādhyam saiddhāantikī
260 ## - PUBLICATION, DISTRIBUTION, ETC.
Place of publication, distribution, etc. नई दिल्ली, भारत:
Name of publisher, distributor, etc. अनामिका पब्लिशर्स एंड डिस्ट्रीब्यूटर्स,
Date of publication, distribution, etc. 2002.
300 ## - PHYSICAL DESCRIPTION
Extent 272पृ0
Dimensions cm.
490 ## - SERIES STATEMENT
Series statement थ्ल्न्च् क्ब् भ्प्छश्रत्छ
650 ## - SUBJECT ADDED ENTRY--TOPICAL TERM
Topical term or geographic name entry element हिन्दी पत्रकारिता
9 (RLIN) 848346
700 ## - ADDED ENTRY--PERSONAL NAME
Personal name सिंह, सुधा
9 (RLIN) 848347
Relator term (संपादक)
942 ## - ADDED ENTRY ELEMENTS (KOHA)
Classification part 40aY, 152P2
Koha item type Textual
Source of classification or shelving scheme Colon Classification (CC)
Suppress in OPAC No
Holdings
Withdrawn status Lost status Damaged status Not for loan Home library Current library Date acquired Total Checkouts Full call number Barcode Date last seen Price effective from Koha item type Date due Date last checked out Source of acquisition Cost, normal purchase price Cost, replacement price
        Arts Library Arts Library 2022-09-23   411 152N2 AL1200797 2022-09-23 2022-09-23 Textual          
        Arts Library Arts Library 2022-09-23 2 40aY 152P2 AL1343191 2026-01-28 2022-09-23 Textual 2026-02-27 2026-01-28      
        Central Library Central Library 2022-10-05   40aY 152P2 CL1449944 2022-10-05 2022-10-05 Textual     431, 25/03/2009, Swaraj Prakashan 395.00 395.00
        Central Library Central Library 2022-10-05   40aY 152P2 CL1449946 2022-10-05 2022-10-05 Textual     431, 25/03/2009, Swaraj Prakashan 395.00 395.00
Copyright @ Delhi University Library System